00750nam a2200277Ia 450000500170000000800460001702000180006303700100008104000080009104000080009904000080010704100080011504100080012308400080013110000250013924500500016424500380021426000230025226000090027536500050028436500080028985600530029794200100035099900210036095200910038120260324130816.0008 260324s9999 xx 000 0 eng d a9780203963210 aEBOOK aCRL beng cCRL 2eng aeng qCRL aHelen James91071523 0aCivil Society, Religion and Global Governance 0bParadigms of Power and Persuasion bTaylor and Francis c2007 a b265 uhttp://www.taylorfrancis.com/books/9780203963210 cEBOOK c1779692d1779692 00104070aCRLbCRLd2026-03-24l0pCL2061863r2026-03-24 13:08:16w2026-03-24yEBOOK